000 00413nam a22001577a 4500
005 20241108103810.0
008 241108b |||||||| |||| 00| 0 eng d
020 _a9780333776261
050 _aTK5105.
_b875.I57 INT
245 _aInternet Ethics
260 _aLondon
_bMacmillan Press LTD.
_cc2000
300 _axiv, 281p
_bill.;
500 _ainclude index
700 _aeditor Duncan Langford
942 _2lcc
_cBK
_n0
999 _c851
_d851